<?xml version="1.0" encoding="UTF-8"?><?xml-stylesheet type="text/xsl" href="static/style.xsl"?><OAI-PMH xmlns="http://www.openarchives.org/OAI/2.0/" xmlns:xsi="http://www.w3.org/2001/XMLSchema-instance" xsi:schemaLocation="http://www.openarchives.org/OAI/2.0/ http://www.openarchives.org/OAI/2.0/OAI-PMH.xsd"><responseDate>2026-06-01T14:37:30Z</responseDate><request verb="GetRecord" identifier="oai:riuma.uma.es:10630/30811" metadataPrefix="marc">https://riuma.uma.es/rest/oai/request</request><GetRecord><record><header><identifier>oai:riuma.uma.es:10630/30811</identifier><datestamp>2026-02-03T10:59:51Z</datestamp><setSpec>com_10630_2254</setSpec><setSpec>col_10630_37953</setSpec></header><metadata><record xmlns="http://www.loc.gov/MARC21/slim" xmlns:dcterms="http://purl.org/dc/terms/" xmlns:doc="http://www.lyncode.com/xoai" xmlns:xsi="http://www.w3.org/2001/XMLSchema-instance" xsi:schemaLocation="http://www.loc.gov/MARC21/slim http://www.loc.gov/standards/marcxml/schema/MARC21slim.xsd">
   <leader>00925njm 22002777a 4500</leader>
   <datafield ind2=" " ind1=" " tag="042">
      <subfield code="a">dc</subfield>
   </datafield>
   <datafield ind2=" " ind1=" " tag="720">
      <subfield code="a">De la Vega, Rocío</subfield>
      <subfield code="e">author</subfield>
   </datafield>
   <datafield ind2=" " ind1=" " tag="720">
      <subfield code="a">Heinisuo, Irina A.</subfield>
      <subfield code="e">author</subfield>
   </datafield>
   <datafield ind2=" " ind1=" " tag="720">
      <subfield code="a">López-Martínez, Alicia Eva</subfield>
      <subfield code="e">author</subfield>
   </datafield>
   <datafield ind2=" " ind1=" " tag="720">
      <subfield code="a">Serrano-Ibáñez, Elena Rocío</subfield>
      <subfield code="e">author</subfield>
   </datafield>
   <datafield ind2=" " ind1=" " tag="720">
      <subfield code="a">Ruiz-Párraga, Gema Teresa</subfield>
      <subfield code="e">author</subfield>
   </datafield>
   <datafield ind2=" " ind1=" " tag="720">
      <subfield code="a">Ramírez-Maestre, María del Carmen</subfield>
      <subfield code="e">author</subfield>
   </datafield>
   <datafield ind2=" " ind1=" " tag="720">
      <subfield code="a">Esteve-Zarazaga, Rosa</subfield>
      <subfield code="e">author</subfield>
   </datafield>
   <datafield ind2=" " ind1=" " tag="260">
      <subfield code="c">2023-12-01</subfield>
   </datafield>
   <datafield ind2=" " ind1=" " tag="520">
      <subfield code="a">[Purpose] Non-invasive and drug-free interventions for pain are being developed. One of them is ANF&#xd;
(which stands for “Amino Neuro Frequency”) Therapy®, which consists in the application of carbonized metal devices&#xd;
on a patient’s skin. We aimed to: 1) test perceived changes in pain intensity after ANF application, 2) record&#xd;
frequency and severity of side effects, 3) assess clinician and patient satisfaction, 4) explore effects on swelling and&#xd;
range of motion (ROM). [Participants and Methods] In this real-world multisite observational study, N=113 physical&#xd;
therapists in 45 countries, applied ANF to N=1,054 patients (Mage=45.2, 56.2% female) with pain complaints.&#xd;
Demographic data, pain intensity (NRS-11), effects of ANF on swelling and ROM, clinician and patient satisfaction&#xd;
and side effects were collected. [Results] Main pain locations were: low back (14.9%), knee (12.4%), neck (10%),&#xd;
and shoulder (9.6%). Pre-treatment pain intensity was high (Mean=7.6, SD=1.9). It significantly decreased posttreatment&#xd;
(Mean=3.1, SD=2.0), t(1053)=7.25, with a large effect size (Cohen’s d=2.2). Swelling decreased and ROM&#xd;
increased. Average satisfaction with ANF was 92/100. Patients often experienced mild side effects (42.3%): dry&#xd;
mouth, headache and fatigue. [Conclusion] Results show large effect sizes, high satisfaction, and mild and shortterm&#xd;
side effects. This is very promising but should be interpreted with caution considering the study limitations.</subfield>
   </datafield>
   <datafield ind1="8" ind2=" " tag="024">
      <subfield code="a">de la Vega, R., Heinisuo, I. A., López-Martínez, A. E., Serrano-Ibáñez, E. R., Ruíz-Párraga, G. T., Ramírez-Maestre, C., &amp; Esteve, R. (2023). ANF therapy® for pain management, feasibility, satisfaction, perceived symptom reduction and side effects: a real-world multisite observational study. Journal of Physical Therapy Science, 35(12), 768–776.</subfield>
   </datafield>
   <datafield ind1="8" ind2=" " tag="024">
      <subfield code="a">https://hdl.handle.net/10630/30811</subfield>
   </datafield>
   <datafield ind1="8" ind2=" " tag="024">
      <subfield code="a">10.1589/jpts.35.768</subfield>
   </datafield>
   <datafield tag="653" ind2=" " ind1=" ">
      <subfield code="a">Dolor - Aspectos psicológicos</subfield>
   </datafield>
   <datafield tag="653" ind2=" " ind1=" ">
      <subfield code="a">Medicina - Innovaciones tecnológicas</subfield>
   </datafield>
   <datafield ind2="0" ind1="0" tag="245">
      <subfield code="a">ANF Therapy® for pain management. Feasibility, satisfaction, perceived symptom reduction and side effects. A real-world multisite observational study</subfield>
   </datafield>
</record>
</metadata></record></GetRecord></OAI-PMH>